000 00635nam a2200217Ia 4500
008 260428s9999 xx 000 0 und d
020 _a9789561417205
082 _a711.4098331 P225c 2015
100 _aParcerisa Bundó, Josep
_935840
100 _aRosas Vera, José
_935841
245 0 _aEl canon republicano y la distancia cinco mil: Santiago 1910
250 _a1a. edición
260 _aEdiciones Universidad Católica de Chile
260 _bSantiago, Chile
260 _c2015
300 _a117p.
650 _aChile
_9121
650 _aEspacio urbano
_98396
650 _aPlanificación urbana
_912593
942 _clibro
999 _c20512
_d20512